Provinces of Rwanda on a Map - Statistics

General Stats
  • This quiz has been taken 542 times
  • The average score is 5 of 5
Answers on the Map
Answers color-coded by a green-red scale on the quiz's map according to % correct below.
 
Answer Stats
Province % Correct
Kigali
96%
Northern
94%
Southern
94%
Eastern
93%
Western
93%
No matching quizzes found
Score Distribution
Percent of People with Each Score
Percentile by Number Answered
Your Score History
You have not taken this quiz